National Assembly Library of Thailand

มือโปร AI : เทคนิคการใช้ AI เพื่อการเรียนและการทำงาน / (ระเบียนเลขที่ 107295)

รายละเอียดในรูปแบบ MARC
000 -LEADER
fixed length control field 02177nam a22001937a 4500
003 - CONTROL NUMBER IDENTIFIER
control field NALT
005 - DATE AND TIME OF LATEST TRANSACTION
control field 20260108162055.0
008 - FIXED-LENGTH DATA ELEMENTS--GENERAL INFORMATION
fixed length control field 250925b th ||||| |||| 00| 0 tha d
040 ## - CATALOGING SOURCE
Original cataloging agency NALT
245 00 - TITLE STATEMENT
Title มือโปร AI : เทคนิคการใช้ AI เพื่อการเรียนและการทำงาน /
Statement of responsibility, etc รวบรวมโดย 39 Publishing.
Medium [electronic resource]
260 ## - PUBLICATION, DISTRIBUTION, ETC.
Place of publication, distribution, etc. กรุงเทพฯ :
Name of publisher, distributor, etc. 39 Publishing,
Date of publication, distribution, etc. ม.ป.ป.
300 ## - PHYSICAL DESCRIPTION
Extent Online resource
520 ## - SUMMARY, ETC.
Summary, etc หนังสือเล่มนี้ จะช่วยให้ผู้อ่านเข้าใจและใช้งาน AI ได้อย่างมีประสิทธิภาพ เริ่มต้นจากพื้นฐานเทคโนโลยี AI และ Generative AI ไปจนถึงการใช้งานเครื่องมือยอดนิยมอย่าง ChatGPT, Gemini และ Claude พร้อมเทคนิคการประยุกต์ใช้สำหรับงานพัฒนาเว็บไซต์ งานเขียน งานสร้างสรรค์ และการวิเคราะห์ข้อมูล รวมถึงการใช้ AI เพื่อเพิ่มประสิทธิภาพการทำงานร่วมกับทีม พร้อมมุมมองด้านอนาคตและจริยธรรมในการใช้งาน AI ที่ทุกคนควรตระหนักรู้ เหมาะสำหรับทั้งนักพัฒนา นักออกแบบ และผู้ที่ต้องการใช้ AI เพื่อยกระดับการทำงานของตนเอง.
650 #4 - SUBJECT ADDED ENTRY--TOPICAL TERM
Topical term or geographic name as entry element ปัญญาประดิษฐ์
9 (RLIN) 30014
650 #4 - SUBJECT ADDED ENTRY--TOPICAL TERM
Topical term or geographic name as entry element ปัญญาประดิษฐ์
General subdivision การใช้ในการศึกษา
9 (RLIN) 67238
856 40 - ELECTRONIC LOCATION AND ACCESS
Uniform Resource Identifier <a href="https://ebook.parliament.go.th/ebookall/detail/438324">https://ebook.parliament.go.th/ebookall/detail/438324</a>
Public note (Online Database name) E-Book
942 ## - ADDED ENTRY ELEMENTS (KOHA)
Koha item type E-Book
Source of classification or shelving scheme Library of Congress Classification
996 ## - STAFF PROCESSING RECORDS (NALT)
Staff name jamriang.p
Staff type CATSTF
Acquisition or Cataloging date (ใส่ปี ค.ศ. : YYYY-MM-DD เช่น 2023-03-15) 2026-01-08
998 ## - STAFF NAME
-- 1020
-- นางจำเรียง ระวังสำโรง
รายการที่มีในห้องสมุด
Withdrawn status Lost status Source of classification or shelving scheme Damaged status Not for loan Collection code Home library Current library Shelving location Date acquired Source of acquisition Date last seen Copy number Koha item type
    Library of Congress Classification     Electronic Resources National Assembly Library of Thailand National Assembly Library of Thailand Online Access 29/09/2025 191 29/09/2025 1 E-Book
หอสมุดรัฐสภา
สำนักงานเลขาธิการสภาผู้แทนราษฎร เลขที่ 1111 ถนนสามเสน แขวงถนนนครไชยศรี เขตดุสิต กรุงเทพฯ 10300
The Secretariat of the House of Representatives 1111 Samsen Road, Thanon Nakhon Chai Si, Dusit, Bangkok 10300, THAILAND
โทรศัพท์: +66(0) 2242 5900 ต่อ 5714-5 โทรสาร: +66(0) 2242 5990 อีเมล: [email protected]